000 00825nam1a22002651 4500
001 RU\NLR\INFOCOMM17\ROSSICA\1000309111
005 20240726074520.0
035 _a(NLR Aleph) 009973867
090 _a9661076
_c9661076
100 _a20031010d1914 |||y0rusy50 ba
101 0 _ager
102 _aRU
105 _ay ||||000ay
200 1 _aDie Fauna der Oberpalacozvischen Ablagerungen des Darvas
_fTschernyschew, Th.N.
210 _aПетроградъ
_d1914
215 _d
225 1 _aТруды теологического комитета
_iНов.серiя
_vвып.104-1914
300 _aMit 10 Taf.
700 1 _aTschernyschew
_bTh.N.
_4070
801 1 _aRU
_bInfoComm
_c20031010
801 0 _aRU
_bNLR
_gPSBO
852 _aNLR
_bРусский каталог
942 _cBOOK
980 _aRossica